Central Library OPAC University of Rajshahi

Developing language power / (Record no. 19556)

MARC details
000 -LEADER
fixed length control field 00680nam a22002297a 4500
001 - CONTROL NUMBER
control field 19556
003 - CONTROL NUMBER IDENTIFIER
rucl marc code BD-RjUL
005 - DATE AND TIME OF LATEST TRANSACTION
control field 20211209000440.0
008 - FIXED-LENGTH DATA ELEMENTS--GENERAL INFORMATION
fixed length control field 140225r19421939xxua 001 0 eng d
035 ## - SYSTEM CONTROL NUMBER
System control number (BD-RjUL)19616
040 ## - CATALOGING SOURCE
Original cataloging agency BD-RjUL
Language of cataloging eng
Transcribing agency BD-RjUL
041 ## - LANGUAGE CODE
Language code of text/sound track or separate title eng
082 ## - DEWEY DECIMAL CLASSIFICATION NUMBER
Classification number 808.042
Author mark and year COD 1942
100 1# - MAIN ENTRY--PERSONAL NAME
Personal name Cook, Luella B
9 (RLIN) 54081
245 10 - TITLE STATEMENT
Title Developing language power /
Statement of responsibility, etc. Luella B Cook
260 ## - PUBLICATION, DISTRIBUTION, ETC. (IMPRINT)
Place of publication, distribution, etc. New York :
Name of publisher, distributor, etc. Harcourt, Brace,
Date of publication, distribution, etc. c1939 [Reprinted 1942].
300 ## - PHYSICAL DESCRIPTION
Pagination xvi, 413 p. :
Illustrations ill. ;
Size 20 cm.
490 1# - SERIES STATEMENT
Series statement Growth in using English
Volume/sequential designation 5
504 ## - BIBLIOGRAPHY, ETC. NOTE
Bibliography, etc Includes index.
650 04 - SUBJECT ADDED ENTRY--TOPICAL TERM
Topical term or geographic name as entry element English language
Form subdivision Composition and exercises.
9 (RLIN) 60073
942 ## - ADDED ENTRY ELEMENTS (KOHA)
Source of classification or shelving scheme Dewey Decimal Classification
Koha item type Books
Holdings
Lost status Source of classification or shelving scheme Damaged status Not for loan Collection code Permanent Location Current Location Shelving location Date acquired Cost, normal purchase price Total Checkouts Full call number Date last seen Copy number Koha item type
  Dewey Decimal Classification   Not For Loan Non-fiction Central Library, University of Rajshahi Central Library, University of Rajshahi Reading Room 09/06/1965 0.00   808.042 COD 1942 25/02/2014 C-1 Books